000 00821nam a2200289Ii 4500
999 _c7409
_d7409
001 7409
003 BD - Jhcc
005 20180212110702.0
008 800905s1980 inu 000 0 eng d
020 _a0936484004
020 _a0060155655
035 _aMITb10181976
035 _a(BD - Jhcc)7409
035 _aGLIS00181976
040 _aWAU
_cWAU
_dm.c.
_dMYG
_dBD - Jhcc
041 _aeng
090 _aPS3569.C967
_bM3
099 _aPS3569.C967.M3
100 1 _aBeschloss, Michael R
245 1 0 _aMay day :
_bEisenhower, Khrushchev and the U-2 affair /
_cMichael R Beschloss
260 _aBloomington, Ind. :
_bMinnesota Review Press,
_c1980.
300 _a69 p. ;
_c22 cm.
600 _aEisenhower, Dwight
650 _aU-2 Incident
942 _2ddc
_cBK